00594nam a2200145 a 450000500170000000800410001702000180005805000260007610000210010224501090012326000460023230000170027852001350029565000180043020140412111225.0020417s19uu xx 00 eng d a0-7460-0612-8 aM 808.882bHa399 1991 aHawthorn, Philip aThe USborne book of Silly Jokes /cwritten and compiled by Philip Hawthorn; illustrated by Kim Blundell. aTulsa, Oklahoma :bEDC Publishing,c1991. a32 p. ; ill. aColorful cartoon characters tell jokes, gags, riddles and rhymes about everything from Martians to marzipans; skunks to skeletons. aChildren book